Statistics for 'Allo 'Allo Characters

Click here to take the quiz!

General Stats

  • This quiz has been taken 117 times
  • The average score is 15 of 20

Answer Stats

HintAnswer% Correct
Cafe ownerRene Artois
100%
His wifeEdith Artois
95%
Resistance leaderMichelle Dubois
91%
WaitressMimi Labonq
89%
GestapoHerr Otto Flick
86%
LieutenantHerbert Gruber
84%
WaitressYvette Carte-Blanche
80%
Police officerCrabtree
79%
PrivateHelga Geerhart
79%
WaitressMaria Recamier
75%
Master of disguiseMonsieur Roger LeClerc
75%
Her motherMadame Fanny
75%
Italian CaptainAlberto Bertorelli
68%
UndertakerMonsieur Alfonse
67%
CaptainHans Geering
64%
British Flying OfficerFairfax
64%
GestapoHerr Engelbert Von Smallhausen
63%
GeneralErich von Klinkerhoffen
63%
British Flying OfficerCarstairs
62%
ColonelKurt von Strohm
52%

Score Distribution

Percentile by Number Answered

Percent of People with Each Score

Your Score History

You have not taken this quiz